The last person to hear your voice

সংরক্ষণ করুন:
গ্রন্থ-পঞ্জীর বিবরন
প্রধান লেখক: Shelton, Richard
বিন্যাস: গ্রন্থ
ভাষা:Undetermined
প্রকাশিত: Pittsburgh, Pa. University of Pittsburgh Press 2007
বিষয়গুলি:
ট্যাগগুলো: ট্যাগ যুক্ত করুন
কোনো ট্যাগ নেই, প্রথমজন হিসাবে ট্যাগ করুন!
Thư viện lưu trữ: Trung tâm Học liệu Trường Đại học Cần Thơ
LEADER 00533nam a2200193Ia 4500
001 CTU_172812
008 210402s9999 xx 000 0 und d
020 |c 15.5 
082 |a 811 
082 |b S544 
100 |a Shelton, Richard 
245 4 |a The last person to hear your voice 
245 0 |c Richard Shelton 
260 |a Pittsburgh, Pa. 
260 |b University of Pittsburgh Press 
260 |c 2007 
650 |a American poetry.,Thơ Mỹ 
904 |i Tuyến 
980 |a Trung tâm Học liệu Trường Đại học Cần Thơ